<?xml version="1.0" encoding="UTF-8"?>
<collection xmlns="http://www.loc.gov/MARC21/slim">
 <record>
  <leader>01458nam a22002055a 4500</leader>
  <controlfield tag="001">CEM.cems021131</controlfield>
  <controlfield tag="008">240502s1996####sp############000#0#und#d</controlfield>
  <controlfield tag="005">20240502152247.0</controlfield>
  <datafield tag="245" ind1="1" ind2="0">
   <subfield code="a">Jumanji /</subfield>
   <subfield code="c">George Spelvin ; traducido por Nuria Lago Jaraiz.</subfield>
  </datafield>
  <datafield tag="250" ind1=" " ind2=" ">
   <subfield code="a">1a ed. 2a reimp.</subfield>
  </datafield>
  <datafield tag="260" ind1=" " ind2=" ">
   <subfield code="a">Barcelona :</subfield>
   <subfield code="b">Ediciones,</subfield>
   <subfield code="c">1996.</subfield>
  </datafield>
  <datafield tag="300" ind1=" " ind2=" ">
   <subfield code="a">160 p.</subfield>
  </datafield>
  <datafield tag="520" ind1=" " ind2=" ">
   <subfield code="a">Hace veintiséis años, Alan Parrish conoció por casualidad el juego llamado Jumanji, e inmediatamente descubrió que no se parecía a ninguno de los otros a los que había jugado antes. Después, al agitar los dados y sacar cierto número, el muchacho desapareció dentro del tablero y fue transportado a la selva Jumanji. Pero la partida no había acabado...Ahora, veintiséis años más tarde, dos chicos, Peter y Judy Shepherd toman parte en la aventura que Alan Parrish inició. El fenómeno Jumanji se reactiva, y la ficción se hace realidad. Mosquitos gigantes infectan su ciudad y producen extrañas fiebres. Se desatan monzones, terremotos y arenas movedizas. Pero la aventura no acabará hasta que finalice el juego. ¿Lograrán Judy y Peter escapar del increíble mundo de Jumanji? ¡Sólo los dados tienen la respuesta!</subfield>
  </datafield>
  <datafield tag="020" ind1=" " ind2=" ">
   <subfield code="a">8440661975</subfield>
  </datafield>
  <datafield tag="100" ind1="1" ind2=" ">
   <subfield code="a">Spelvin, George.</subfield>
  </datafield>
  <datafield tag="700" ind1="1" ind2=" ">
   <subfield code="a">Lago Jaraiz, Nuria; trad.</subfield>
  </datafield>
  <datafield tag="653" ind1=" " ind2=" ">
   <subfield code="a">Novela juvenil</subfield>
  </datafield>
  <datafield tag="653" ind1=" " ind2=" ">
   <subfield code="a">Literatura juvenil</subfield>
  </datafield>
  <datafield tag="653" ind1=" " ind2=" ">
   <subfield code="a">Literatura estadounidense</subfield>
  </datafield>
  <datafield tag="859" ind1=" " ind2=" ">
   <subfield code="a">CEMS</subfield>
   <subfield code="b">BIB. CEMS - Inicial y Primaria</subfield>
   <subfield code="h">813.5</subfield>
   <subfield code="i">Sp327</subfield>
   <subfield code="k">IP</subfield>
   <subfield code="p">4447</subfield>
   <subfield code="t">Ej.1</subfield>
  </datafield>
 </record>
</collection>
